Szczegóły MARC21

Kodeks postępowania cywilnego : komentarz. T. 1, Postępowanie rozpoznawcze : artykuły 1-124 /

003 -Nazwa inst., której nr kontr. jest w polu 001 [,]
    • @
    • Nazwa instytucji, której n kontrolny jest w polu 001
    • NUKAT
005 -DATA I CZAS OSTATNIEJ MODYFIKACJI [,]
    • @
    • pole kontrolne
    • 20260401190741.0
020 -Międzynarod. znormalizowany nr książki - ISBN [ , ]
    • a
    • Numer ISBN
    • 9788382865639 Find
040 -Instytucja sporządzająca opis [ , ]
    • a
    • Instytucja, która sporządziła opis (NP)
    • WA U/91UKP
    • b
    • Język katalogowania
    • pol
    • e
    • Zasady katalogowania
    • rda
    • c
    • Instytucja, która sporządziła rekord (NP)
    • WA U/UKP
    • d
    • Instytucja, która zmodyfikowała rekord (P)
    • WA U/91UKP
    • d
    • Instytucja, która zmodyfikowała rekord (P)
    • KAT U/24AGs
942 -Rodzaj dokumentu [ , ]
    • c
    • Rodzaj dokumentu
    • Książka
245 -Strefa tytułu i oznaczenia odpowiedzialności [0,0]
    • a
    • Tytuł
    • Kodeks postępowania cywilnego : Find
    • b
    • Ciąg dalszy tytułu (NP)
    • komentarz. Find
    • n
    • Oznaczenie części (P)
    • T. 1,
    • p
    • Nazwa części (P)
    • Postępowanie rozpoznawcze : artykuły 1-124 /
    • c
    • Pozostałe elementy strefy tytułu i oznaczenia odpowiedzialności (NP)
    • redakcja naukowa Tadeusz Ereciński ; Tadeusz Ereciński, Paweł Grzegorczyk, Jacek Gudowski, Henryk Pietrzkowski, Karol Weitz.
246 -Wariant tytułu [3,0]
    • a
    • Tytuł (NP)
    • Postępowanie rozpoznawcze :
    • b
    • Ciąg dalszy tytułu (NP)
    • artykuły 1-124
250 -Strefa wydania [ , ]
    • a
    • Oznaczenie wydania (NP)
    • 6. Wydanie, stan prawny na 1 lipca 2023.
260 -Strefa adresu wydawniczego [ , ]
    • a
    • Miejsce wydania (P)
    • Warszawa :
    • b
    • Nazwa wydawcy (P)
    • Wolters Kluwer,
    • c
    • Data wydania (P)
    • 2023.
300 -Strefa opisu fizycznego [ , ]
    • a
    • Określenie formy książki i/lub objętość (NP)
    • 1025 stron ;
    • c
    • Format (NP)
    • 25 cm.
336 -Typ zawartości [ , ]
    • a
    • Termin opisujący typ zawartości
    • Tekst
    • b
    • Kod określający zawartość
    • txt
    • 2
    • Źródło (terminu i kodu)
    • rdacontent
337 -Typ mediów [ , ]
    • a
    • Tryb odtwarzania
    • Bez urządzenia pośredniczącego
    • b
    • Kod typu mediów
    • n
    • 2
    • Źródło (terminu i kodu)
    • rdamedia
338 -Typ/rodzaj nośnika [ , ]
    • a
    • Hasło opisujące typ nośnika
    • Wolumin
    • b
    • Kod typu nośnika
    • nc
    • 2
    • Źródło (terminu i kodu)
    • rdacarrier
380 -Deskryptor - Forma dzieła (P) [ , ]
    • a
    • forma dzieła (NP)
    • Książki
380 -Deskryptor - Forma dzieła (P) [ , ]
    • a
    • forma dzieła (NP)
    • Publikacje fachowe
380 -Deskryptor - Forma dzieła (P) [ , ]
    • a
    • forma dzieła (NP)
    • Publikacje naukowe
380 -Deskryptor - Forma dzieła (P) [ , ]
    • a
    • forma dzieła (NP)
    • Publikacje dydaktyczne
385 -Deskryptor - grupa odbiorców (P) [ , ]
    • a
    • termin określający odbiorcę (P)
    • Prawnicy i prawniczki
385 -Deskryptor - grupa odbiorców (P) [ , ]
    • a
    • termin określający odbiorcę (P)
    • Sędziowie
385 -Deskryptor - grupa odbiorców (P) [ , ]
    • a
    • termin określający odbiorcę (P)
    • Adwokaci
385 -Deskryptor - grupa odbiorców (P) [ , ]
    • a
    • termin określający odbiorcę (P)
    • Komornicy sądowi
385 -Deskryptor - grupa odbiorców (P) [ , ]
    • a
    • termin określający odbiorcę (P)
    • Prokuratorzy
385 -Deskryptor - grupa odbiorców (P) [ , ]
    • m
    • wyrażenie wprowadzające (NP)
    • Poziom nauczania
    • a
    • termin określający odbiorcę (P)
    • Szkoły wyższe
385 -Deskryptor - grupa odbiorców (P) [ , ]
    • a
    • termin określający odbiorcę (P)
    • Pracownicy naukowi i pracownice naukowe
388 -Deskryptor - czas powstania dzieła (P) [1, ]
    • a
    • Czas powstania dzieła (NP)
    • 2001-
504 -Uwaga dot. bibliogr. załącznikowej [ , ]
    • a
    • Uwaga dot. bibliografii załącznikowej
    • Bibliografia przy rozdziałach. Indeks.
521 -Uwaga dot. przeznaczenia czytelniczego [8, ]
    • a
    • Uwaga dot. przeznaczenia czytelniczego
    • Adresatami są: prawnicy praktycy (sędziowie, pełnomocnicy, komornicy, prokuratorzy) oraz aplikanci. Zainteresuje też pracowników naukowych oraz studentów wydziałów prawa.
530 -Uwaga dot. innej postaci fizycznej dokumentu [ , ]
    • a
    • Uwaga dot. innej postaci fizycznej dokumentu
    • Książka dostępna w aplikacji Smarteca.
650 -Hasło przedmiotowe [ ,7]
    • a
    • Hasło przedmiotowe
    • Postępowanie cywilne
    • x
    • Określnik rzeczowy
    • interpretacja
    • z
    • Określnik geograficzny
    • Polska
    • y
    • Określnik chronologiczny
    • 1990-.
    • 2
    • Źródło terminu
    • kaba
    • 9
    • KHW
    • 360788
650 -Hasło przedmiotowe [ ,7]
    • a
    • Hasło przedmiotowe
    • Postępowanie cywilne
    • z
    • Określnik geograficzny
    • Polska
    • y
    • Określnik chronologiczny
    • 1990-
    • v
    • Określnik formalny
    • kodeksy.
    • 2
    • Źródło terminu
    • kaba
    • 9
    • KHW
    • 389453
651 -Hasło przedmiotowe w formie nazwy geograficznej [ ,7]
    • a
    • Nazwa geograficzna
    • Polska
    • 2
    • Źródło terminu
    • DBN
    • 9
    • KHW
    • 721438
655 -Hasło w funkcji tematu formalnego [ ,7]
    • a
    • Hasło
    • Komentarz do ustawy
    • 2
    • Źródło terminu
    • DBN
    • 9
    • KHW
    • 722430
658 -Ujęcie treści [ , ]
    • a
    • dziedzina nauki i sztuki/ sfera aktywności życiowej
    • Prawo i wymiar sprawiedliwości
700 -Hasło dodatkowe - nazwa osobowa [1, ]
    • a
    • Nazwa osobowa (NP)
    • Ereciński, Tadeusz Find
    • d
    • Daty biograficzne (NP)
    • (1946- ).
    • e
    • Określenie rodzaju współpracy
    • Redakcja
    • e
    • Określenie rodzaju współpracy
    • Autor
    • 9
    • KHW
    • 31769
700 -Hasło dodatkowe - nazwa osobowa [1, ]
    • a
    • Nazwa osobowa (NP)
    • Grzegorczyk, Paweł Find
    • d
    • Daty biograficzne (NP)
    • (1977- ).
    • e
    • Określenie rodzaju współpracy
    • Autor
    • 9
    • KHW
    • 24042
700 -Hasło dodatkowe - nazwa osobowa [1, ]
    • a
    • Nazwa osobowa (NP)
    • Gudowski, Jacek. Find
    • e
    • Określenie rodzaju współpracy
    • Autor
    • 9
    • KHW
    • 7329
700 -Hasło dodatkowe - nazwa osobowa [1, ]
    • a
    • Nazwa osobowa (NP)
    • Pietrzkowski, Henryk. Find
    • e
    • Określenie rodzaju współpracy
    • Autor
    • 9
    • KHW
    • 823
700 -Hasło dodatkowe - nazwa osobowa [1, ]
    • a
    • Nazwa osobowa (NP)
    • Weitz, Karol Find
    • d
    • Daty biograficzne (NP)
    • (1974- ).
    • e
    • Określenie rodzaju współpracy
    • Autor
    • 9
    • KHW
    • 835
710 -Hasło dodatkowe - nazwa ciała zbiorowego [2, ]
    • a
    • Nazwa ciała zbiorowego lub nazwa geograficzna jako pierwszy element (NP)
    • Wolters Kluwer Polska.
    • e
    • Rodzaj współpracy
    • Wydawca
    • 4
    • Kod relacji
    • pbl
    • 9
    • KHW
    • 52677
920 -ISBN [ , ]
    • a
    • ISBN
    • 978-83-8286-563-9 Find
Numer inwentarzowy Sygnatura Status udost. Lokalizacja Data inwentaryzacji
SA.26464SA.264641BSA2023-10-25